Averagely Guessed Countries on JetPunk - Statistics

General Stats
  • This quiz has been taken 4 times
  • The average score is 58 of 67
Answer Stats
Guessed Answer % Correct
49% Angola
100%
49% Armenia
100%
45% Bhutan
100%
56% Bosnia and Herzegovina
100%
59% Bulgaria
100%
41% Cameroon
100%
44% Central African Republic
100%
58% Dominica
100%
52% Dominican Republic
100%
47% El Salvador
100%
46% Fiji
100%
52% Ghana
100%
46% Guinea
100%
45% Guyana
100%
53% Honduras
100%
46% Ivory Coast
100%
43% Liechtenstein
100%
57% Luxembourg
100%
48% Malta
100%
45% Monaco
100%
42% Mozambique
100%
43% Namibia
100%
59% Papua New Guinea
100%
41% Rwanda
100%
58% Serbia
100%
48% Singapore
100%
57% Slovenia
100%
59% Sri Lanka
100%
43% Suriname
100%
41% Tajikistan
100%
41% Togo
100%
50% Turkmenistan
100%
55% Uzbekistan
100%
52% Vatican City
100%
47% Andorra
75%
46% Azerbaijan
75%
50% Bahamas
75%
56% Bangladesh
75%
46% Belize
75%
44% Botswana
75%
56% Cambodia
75%
55% Costa Rica
75%
52% Cyprus
75%
53% Georgia
75%
51% Guatemala
75%
57% Jordan
75%
45% Kosovo
75%
43% Kuwait
75%
57% Laos
75%
48% Lebanon
75%
41% Liberia
75%
51% Mali
75%
47% Moldova
75%
45% Montenegro
75%
52% Myanmar
75%
47% Nicaragua
75%
51% North Macedonia
75%
51% Qatar
75%
42% Senegal
75%
51% South Sudan
75%
57% Taiwan
75%
46% Tanzania
75%
55% Tunisia
75%
46% Uganda
75%
59% Malaysia
50%
46% Zambia
50%
55% Zimbabwe
50%
No matching quizzes found
Score Distribution
Percent of People with Each Score
Percentile by Number Answered
Your Score History
You have not taken this quiz